Brawlers by Voice Line - Statistics

General Stats
  • This quiz has been taken 7 times
  • The average score is 12 of 16
Answer Stats
Hint Answer % Correct
"My calculations are always correct." Carl
100%
"I'll stick a *drill* in your *drill*!" Jacky
100%
"Ah, stick a fork in me, I'm done." Piper
100%
"There is no end, only new beginnings." Bo
75%
"To brawl, or not to brawl, is that a question?" Chester
75%
"Totally legit pirate over here!" Darryl
75%
"My milkshake brings all the kids to the pool!" Doug
75%
"Don't touch my canary!" Dynamike
75%
Did someone here unfollow me? Emz
75%
"Pew." Gray
75%
"I hear the children laughing at me!" Grom
75%
"Free diabetes!" Pearl
75%
"So tired of winning." Sandy
75%
"You need my no-noob cure!" Byron
50%
"Winner winner, chicken dinner." Sam
50%
"De...hy...dra...tion Surge
50%
No matching quizzes found
Score Distribution
Percent of People with Each Score
Percentile by Number Answered
Your Score History
You have not taken this quiz